Statistics for Disney vs Pixar

Click here to take the quiz!

General Stats

  • This quiz has been taken 177 times
  • The average score is 11 of 15

Answer Stats

QuestionAnswer% Correct
TangledDisney
92%
MoanaDisney
91%
CarsPixar
87%
Monsters IncPixar
84%
The IncrediblesPixar
83%
Wall-ePixar
81%
Inside outPixar
78%
RatatouillePixar
76%
Chicken LittleDisney
75%
ZootopiaDisney
71%
Big Hero 6Disney
67%
Meet the RobinsonsDisney
66%
BravePixar
66%
CocoPixar
62%
BoltDisney
60%

Score Distribution

Percentile by Number Answered

Percent of People with Each Score

Your Score History

You have not taken this quiz